La solución final (Record no. 126140)

MARC details
000 -LEADER
campo de control de longitud fija 00583nam a2200181 4500
001 - NÚMERO DE CONTROL
campo de control 126140
003 - IDENTIFICADOR DE NÚMERO DE CONTROL
campo de control ES-MaACL
005 - FECHA Y HORA DE LA ÚLTIMA TRANSACCIÓN
campo de control 20230906192749.0
007 - CAMPO FIJO DE DESCRIPCIÓN FÍSICA--INFORMACIÓN GENERAL
campo de control de longitud fija t|
008 - DATOS DE LONGITUD FIJA--INFORMACIÓN GENERAL
campo de control de longitud fija 070214s1973 sp r ||||1| spa d
100 1# - ENTRADA PRINCIPAL--NOMBRE DE PERSONA
Nombre de persona Reitlinger, Gerald.
9 (RLIN) 96093
245 13 - MENCIÓN DEL TÍTULO
Título La solución final
Resto del título : (intento de exterminio de los judíos europeos) /
Mención de responsabilidad, etc. Gerald Reitlinger ; versión... por Rafael de Andrés.
250 ## - MENCION DE EDICION
Mención de edición 1ª ed.
260 ## - PUBLICACIÓN, DISTRIBUCIÓN, ETC.
Lugar de publicación, distribución, etc. Barcelona [etc.] :
Nombre del editor, distribuidor, etc. Grijalbo,
Fecha de publicación, distribución, etc. 1973.
300 ## - DESCRIPCIÓN FÍSICA
Extensión 559 p. ;
Dimensiones 21 cm.
700 1# - ENTRADA AGREGADA--NOMBRE PERSONAL
Nombre de persona Andrés, Rafael de.
9 (RLIN) 21584
852 ## - LOCALIZACIÓN
Ubicación ES-MaACL
Número de control de estantería C-53896
Sublocalización o colección R.86746
Holdings
Estatus retirado Estado de pérdida Estado de daño No para préstamo Biblioteca de origen Biblioteca actual Ubicación en estantería Fecha de adquisición Fuente de adquisición Total de préstamos Signatura topográfica completa Código de barras Visto por última vez Precio de reemplazo Tipo de ítem Koha
        Biblioteca del Ateneo de Madrid Biblioteca del Ateneo de Madrid Depósito 2 17/01/2008     C-53896 1131389 23/02/2023 23/02/2023 Libro impreso